000 00472nam a2200157 i 4500
001 84068
003 ES-MaACL
005 20230906174935.0
007 t|
008 041119q1916 fr ||||1| fre d
100 1 _aJavelot, R.
_966203
245 1 0 _aComment résoudre les problèmes de Geómétrie élémentaire /
_cpar R. Javelot.
260 _aParis :
_bFernand Nathan,
_c1916? (
_eCorbeil :
_fCrété)
300 _a208 p. :
_bil. ;
_c19 cm.
852 _aES-MaACL
_jF-388
999 _c84068
_d84068